| 000 | 00632nam a2200217 a 4500 | ||
|---|---|---|---|
| 001 | BRL_1125 | ||
| 005 | 20190320211039.0 | ||
| 008 | 141113s1964----gw-a######---#000-0#ger-# | ||
| 041 | _ager | ||
| 044 | _agw | ||
| 050 | 4 |
_aPN6273 _b.L43 1964 |
|
| 100 | 1 |
_aLec, Stanislaw Jerzy _d1909-1966 _925858 |
|
| 245 | 1 | 0 |
_aNeue unfrisierte Gedanken _cStanislaw Jerzy Lec ; Herausgegeben und übertragen von Karl Dedecius. |
| 260 |
_aMunchen _bCarl Hanser Verlag _c1964 |
||
| 300 |
_a64 p. _bil. _c17 cm. |
||
| 500 | _aAu1336 | ||
| 650 | 1 | 4 |
_aAforismos y apotegmas _925859 |
| 700 | 1 |
_aDedecius, Karl _925860 |
|
| 902 | _aGRL | ||
| 942 |
_2lcc _cB |
||
| 999 |
_c9937 _d9937 |
||